History Quiz

Random History or Century Quiz

Five Century Sorting Gallery Quiz Stats

 Plays Quiz Updated Aug 9, 2018

Challenge
Share
Tweet
Embed
Score 0/25 Timer 05:00
4 Plays Today
% Correct
D-Day
97%
Bay of Pigs
94%
Tiananmen Square Protest
92.9%
American Revolution
88.2%
Battle of Gettysburg
86.1%
Russian Revolution
85.9%
French Revolution
81.3%
Battle of Waterloo
80.2%
US Constitution Written
78.6%
Six-Day War
77.1%
Louisiana Purchase
76.7%
Mexican War of Independence
73.5%
Luther Writes 95 Theses
68.8%
% Correct
Crimean War
68.7%
Dutch Founded New Amsterdam
66.5%
Plymouth Colony Founded
63.8%
Magellan's Circumnavigation
63.3%
Cortés Overthrows Montezuma II
61.3%
English Civil War
60.6%
Cook Sails to Hawaii
52.4%
First Siege of Vienna by Ottoman Empire
50.8%
Gregorian Calendar Issued
49.9%
King James Bible Published
46.7%
Seven Years' War
44.4%
Thirty Years' War
44%

You're not logged in!

Compare scores with friends on all Sporcle quizzes.
Join for Free
OR
Log In

You Might Also Like...

Show Comments

Extras

Top Quizzes Today


Score Distribution

Your Account Isn't Verified!

In order to create a playlist on Sporcle, you need to verify the email address you used during registration. Go to your Sporcle Settings to finish the process.

Report this User

Report this user for behavior that violates our Community Guidelines.

Details: